000 00694nam a2200289Ia 4500
005 20260324145416.0
008 008 260324s9999 xx 000 0 eng d
020 _a9781315180847
037 _aEBOOK
040 _aCRL
040 _beng
040 _cCRL
041 _2eng
041 _aeng
084 _qCRL
100 _aDavid Hoseason Morgan
_91222865
245 0 _aHarvesters and Harvesting 1840-1900
245 2 _bA Study of the Rural Proletariat
260 _bTaylor and Francis
260 _c1982
365 _a
365 _b180
856 _uhttp://www.taylorfrancis.com/books/9781315180847
942 _cEBOOK
999 _c1830725
_d1830725